000 00520nam a2200217Ia 4500
003 OSt
005 20220924132531.0
006 a|||||r|||| 00| 0
007 ta
008 220923b |||||||| |||| 00| 0 san d
024 _a60023
037 _cTextual
040 _aARTS
_cARTS
_bsan
041 _2san
_asan
082 _aQ21:222, 15E6
245 0 _aDevimahatmyam ed by Ludovicus Poley
260 _c1916
650 _aRELIGION
942 _hQ21:222, 15E6
_cTEXL
_2CC
999 _c430606
_d430606